College algebra / (Record no. 1332)

MARC details
000 -LEADER
fixed length control field 00857nac a22002771i 4500
003 - CONTROL NUMBER IDENTIFIER
control field EG-ScBUE
005 - DATE AND TIME OF LATEST TRANSACTION
control field 20240924093224.0
008 - FIXED-LENGTH DATA ELEMENTS--GENERAL INFORMATION
fixed length control field 240924t1999 njua f 001 0 eng d
020 ## - INTERNATIONAL STANDARD BOOK NUMBER
International Standard Book Number 0130800058
020 ## - INTERNATIONAL STANDARD BOOK NUMBER
International Standard Book Number 9780130800053
040 ## - CATALOGING SOURCE
Original cataloging agency EG-ScBUE
Language of cataloging eng
Description conventions rda
Transcribing agency EG-ScBUE
Modifying agency EG-ScBUE
082 04 - DEWEY DECIMAL CLASSIFICATION NUMBER
Classification number 512.9
Item number SUL
Edition number 22
100 1# - MAIN ENTRY--PERSONAL NAME
Personal name Sullivan, Michael,
Relator term author.
245 10 - TITLE STATEMENT
Title College algebra /
Statement of responsibility, etc Michael Sullivan, Chicago State University.
250 ## - EDITION STATEMENT
Edition statement Fifth edition.
264 #1 - PUBLICATION, DISTRIBUTION, ETC. (IMPRINT)
Place of publication, distribution, etc Upper Saddler River, NJ :
Name of publisher, distributor, etc Prentice Hall,
Date of publication, distribution, etc [1999]
264 #4 - PUBLICATION, DISTRIBUTION, ETC. (IMPRINT)
Date of publication, distribution, etc c1999
300 ## - PHYSICAL DESCRIPTION
Extent xxvii, 722, [82] pages :
Other physical details color illustrations ;
Dimensions 26 cm
336 ## - CONTENT TYPE
Source rdacontent
Content type term text
Content type code txt
337 ## - MEDIA TYPE
Media type term unmediated
Source rdamedia
Media type code n
338 ## - CARRIER TYPE
Carrier type term volume
Carrier type code nc
Source rdacarrier
500 ## - GENERAL NOTE
General note Includes index.
650 #7 - SUBJECT ADDED ENTRY--TOPICAL TERM
Topical term or geographic name as entry element Algebra.
Source of heading or term BUEsh
655 ## - INDEX TERM--GENRE/FORM
Form subdivision Reading book
942 ## - ADDED ENTRY ELEMENTS (KOHA)
Koha item type Book - Borrowing
Source of classification or shelving scheme Dewey Decimal Classification
Holdings
Withdrawn status Lost status Source of classification or shelving scheme Damaged status Not for loan Collection code Home library Current library Shelving location Date acquired Source of acquisition Cost, normal purchase price Total Checkouts Full call number Barcode Date last seen Cost, replacement price Price effective from Koha item type
    Dewey Decimal Classification     Baccah Central Library Central Library First floor 03/09/2006 Purchase 317.00   512.9 SUL 000003133 15/07/2025 396.25 03/09/2006 Book - Borrowing
    Dewey Decimal Classification     Baccah Central Library Central Library First floor 03/09/2006 Purchase 317.00   512.9 SUL 000003132 15/07/2025 396.25 03/09/2006 Book - Borrowing